Význam hodnototvorného řetězce

Hodnototvorný reťazec ako systém podnikových činností realizujúcich konkurenčné výhody. Strety marketingu a jeho príčiny. Oblasť najzávažnejších rozporov: výroba a marketing. Riešenie rozporov.

Uložené v:
Podrobná bibliografia
Hlavný autor: Tomek, Gustav
Ďalší autori: Vávrová, Věra
Médium: Kapitola
Jazyk:Czech
Predmet:
Tagy: Pridať tag
Žiadne tagy, Buďte prvý, kto otaguje tento záznam!

MARC

LEADER 00000naa$a2200000$$$4500
001 0029162
005 20231106122022.1
041 0 |a cze 
044 |a CZ 
245 1 0 |a Význam hodnototvorného řetězce  |c Gustav Tomek, Věra Vávrová 
520 |a Hodnototvorný reťazec ako systém podnikových činností realizujúcich konkurenčné výhody. Strety marketingu a jeho príčiny. Oblasť najzávažnejších rozporov: výroba a marketing. Riešenie rozporov. 
610 2 0 |a riadenie podnikové 
610 2 0 |a riadenie operatívne 
610 2 0 |a riadenie procesné 
610 2 0 |a marketing strategický 
610 2 0 |a výroba 
610 2 0 |a štandardizácia 
610 2 0 |a predaj 
610 2 0 |a dodávatelia 
610 2 0 |a odberatelia 
610 2 0 |a koordinácia 
610 2 0 |a konkurencieschopnosť 
100 1 |a Tomek, Gustav 
700 1 |a Vávrová, Věra